| 000 | 00000nam 2200000za 4500 |
| 001 | 9.643903 |
| 003 | CaOODSP |
| 005 | 20240624082234 |
| 007 | cr ||||||||||| |
| 008 | 150407s1928 xxc|||||o f|0| 0 fre d |
| 040 | |aCaOODSP|bfre |
| 043 | |an-cn--- |
| 086 | 1 |aCP32-123/1928F-PDF |
| 086 | 1 |aZ1-1927/2F-PDF |
| 245 | 00|aRapport de la Commission royale instituée pour faire enquête sur les accusations de partialité politique proférées contre le ministère du Rétablissement des soldats dans la vie civile |h[ressource électronique] / |cA.T. Hunter, commissaire. |
| 260 | |a[Ottawa] : |bBureau du Conseil privé, |c1928. |
| 300 | |a32 p. |
| 500 | |aPublication historique numérisée en 2007 par le Bureau du Conseil privé du Canada. |
| 590 | |a15-04-Supp|b2015-03-19 |
| 691 | 07|aAncien combattant|2gcpds |
| 691 | 07|aCommission d'enquête|2gcpds |
| 691 | 07|aVie politique|2gcpds |
| 710 | 1 |aCanada. |bBureau du Conseil privé. |
| 775 | 08|tReport of Royal Commission appointed to investigate charges of political partisanship in the Department of Soldiers' Civil Re-establishment |w(CaOODSP)9.699942 |
| 856 | 40|ahttp://publications.gc.ca|qPDF|s2.57 Mo|uhttps://publications.gc.ca/collections/collection_2014/bcp-pco/CP32-123-1928-fra.pdf |